An̲pin̲ al̲akē / (Record no. 178069)

MARC details
000 -LEADER
fixed length control field 00968nam a22003131i 4500
005 - DATE AND TIME OF LATEST TRANSACTION
control field 20200708144802.0
008 - FIXED-LENGTH DATA ELEMENTS--GENERAL INFORMATION
fixed length control field 200708s2018 ii e 00| f tam d
020 ## - INTERNATIONAL STANDARD BOOK NUMBER
Terms of availability RM 39.20
Qualifying information paperback
040 ## - CATALOGING SOURCE
Original cataloging agency PPAK
Language of cataloging eng
Transcribing agency PPAK
Description conventions rda
082 04 - DEWEY DECIMAL CLASSIFICATION NUMBER
Edition number 23
Classification number 894.811372
090 00 - LOCALLY ASSIGNED LC-TYPE CALL NUMBER (OCLC); LOCAL CALL NUMBER (RLIN)
Classification number (OCLC) (R) ; Classification number, CALL (RLIN) (NR) 894.811372
Feature heading SRI
Feature heading G
100 0# - MAIN ENTRY--PERSONAL NAME
Linkage 880-01
Personal name Srī
Relator term author.
242 ## - TRANSLATION OF TITLE BY CATALOGING AGENCY
Title Wahai Kekasihku
Language code of translated title may
245 10 - TITLE STATEMENT
Linkage 880-02
Title An̲pin̲ al̲akē /
Statement of responsibility, etc. Srī
250 ## - EDITION STATEMENT
Linkage 880-03
Edition statement Mutal patippu
264 #1 - PRODUCTION, PUBLICATION, DISTRIBUTION, MANUFACTURE, AND COPYRIGHT NOTICE
Place of production, publication, distribution, manufacture Cennai, India :
Name of producer, publisher, distributor, manufacturer Ālayam Patippakam,
Date of production, publication, distribution, manufacture, or copyright notice 2018
300 ## - PHYSICAL DESCRIPTION
Extent 252 pages ;
Dimensions 18 cm.
336 ## - CONTENT TYPE
Source rdacontent
Content type term text
337 ## - MEDIA TYPE
Source rdamedia
Media type term unmediated
338 ## - CARRIER TYPE
Source rdacarrier
Carrier type term volume
500 ## - GENERAL NOTE
General note novel.
546 ## - LANGUAGE NOTE
Language note In Tamil.
650 10 - SUBJECT ADDED ENTRY--TOPICAL TERM
Topical term or geographic name entry element Tamil fiction.
Topical term or geographic name entry element Society in literature.
880 0# - ALTERNATE GRAPHIC REPRESENTATION
Linkage 100-01
a ஸ்ரீ
e author.
Linkage 245-02
a அன்பின் அழகே /
c ஸ்ரீ
Linkage 250-03
a முதல் பதிப்பு
942 ## - ADDED ENTRY ELEMENTS (KOHA)
Source of classification or shelving scheme Dewey Decimal Classification
Koha item type Book
Holdings
Withdrawn Not for loan Current library Shelving location Date acquired Total Checkouts Total Renewals Full call number Barcode Date last seen Date last checked out Koha item type
    Perpustakaan Alor Setar Pinjaman Dewasa 07/09/2020 2 1 894.811372 SRI A01646001 30/09/2025 18/08/2025 Book
    Perpustakaan Kulim Pinjaman Dewasa 07/09/2020 5   894.811372 SRI A01646002 02/09/2024 17/08/2024 Book